LIBRARY & INFORMATION CENTRE, KCAET, TAVANUR

ONLINE PUBLIC ACCESS CATALOGUE (OPAC)

Statistical methods for agricultural workers / (Record no. 11313)

MARC details
000 -LEADER
fixed length control field 00456cam a2200181ua 4500
041 ## - LANGUAGE CODE
Language code of text/sound track or separate title eng
082 ## - DEWEY DECIMAL CLASSIFICATION NUMBER
Classification number 519.5163
Item number PAN/ST
100 ## - MAIN ENTRY--AUTHOR NAME
Personal name V.G. Panse, P.V. Sukhatme .
245 ## - TITLE STATEMENT
Title Statistical methods for agricultural workers /
260 ## - PUBLICATION, DISTRIBUTION, ETC. (IMPRINT)
Place of publication Delhi :
Name of publisher ICAR ,
Year of publication 1995.
300 ## - PHYSICAL DESCRIPTION
Number of Pages 359 ; .
500 ## - GENERAL NOTE
General note *CSS
942 ## - ADDED ENTRY ELEMENTS (KOHA)
Koha item type Books
Holdings
Withdrawn status Lost status Damaged status Home library Current library Date acquired Full call number Accession Number Koha item type
      KAUAET KAUAET 07/04/2012 519.5163 PAN/ST 19558 Books
free website counter